[Event "Porto San Giorgio op 15th"]
[Site "Porto San Giorgo"]
[Date "2003.08.23"]
[Round "3"]
[White "Unterfraumer, Albert"]
[Black "Ventura, Giuseppe"]
[Result "1-0"]
[WhiteElo "2188"]
[BlackElo "2035"]
[PlyCount "57"]
[EventDate "2003.08.21"]
[EventType "swiss"]
[EventRounds "9"]
[EventCountry "ITA"]
[SourceTitle "CBM 095 Extra"]
[Source "ChessBase"]
[SourceDate "2003.09.04"]
[SourceVersion "1"]
[SourceVersionDate "2003.09.04"]
[SourceQuality "1"]

1. Nf3 d6 2. g3 e5 3. d3 g6 4. Bg2 Bg7 5. c4 f5 6. Nc3 Nf6 7. Rb1 0-0 8. 0-0 Nc6 9. b4 h6 10. b5 Ne7 11. c5 Be6 12. Ba3 Qd7 13. Qa4 Ned5 14. Nxd5 Nxd5 15. Qc2 e4 16. dxe4 Nc3 17. c6 bxc6 18. bxc6 Qxc6 19. Nh4 Qc4 20. Rbe1 fxe4 21. Nxg6 Rf7 22. Bb2 Qxa2 23. Rc1 Bb3 24. Qd2 e3 25. fxe3 Rxf1+ 26. Rxf1 Nd5 27. Bxd5+ Bxd5 28. Ne7+ Kh7 29. Qd3+ 1-0